Averías eléctricas del automóvil (Record no. 176052)

MARC details
000 -LEADER
campo de control de longitud fija 00870nam a22002415i 4500
001 - NÚMERO DE CONTROL
campo de control 176052
003 - IDENTIFICADOR DE NÚMERO DE CONTROL
campo de control ES-MaACL
005 - FECHA Y HORA DE LA ÚLTIMA TRANSACCIÓN
campo de control 20230906215956.0
007 - CAMPO FIJO DE DESCRIPCIÓN FÍSICA--INFORMACIÓN GENERAL
campo de control de longitud fija t|
008 - DATOS DE LONGITUD FIJA--INFORMACIÓN GENERAL
campo de control de longitud fija 101214s1960 sp a r ||||1| spa d
080 ## - NÚMERO DE LA CLASIFICACIÓN DECIMAL UNIVERSAL
Número de la Clasificación Decimal Universal 629.083
100 1# - ENTRADA PRINCIPAL--NOMBRE DE PERSONA
Nombre de persona Návez, Fernand.
9 (RLIN) 85229
245 10 - MENCIÓN DEL TÍTULO
Título Averías eléctricas del automóvil
Resto del título : (localización y reparación) /
Mención de responsabilidad, etc. por F. Návez ; versión en lengua española por G. Losada.
260 ## - PUBLICACIÓN, DISTRIBUCIÓN, ETC.
Lugar de publicación, distribución, etc. Barcelona :
Nombre del editor, distribuidor, etc. Juan Bruguer,
Fecha de publicación, distribución, etc. 1960.
300 ## - DESCRIPCIÓN FÍSICA
Extensión 295 p. :
Otras características físicas il. bl. y n. ;
Dimensiones 22 cm.
490 1# - MENCIÓN DE SERIE
Mención de serie Biblioteca práctica del automóvil ;
Designación de volumen o secuencia 3
594 ## - Nota al título y mención de responsabilidad
Nota al título y mención de responsabilidad Tít. original: Pannes électriques de l'automobile.
650 #4 - PUNTO DE ACCESO ADICIONAL DE MATERIA--TÉRMINO DE MATERIA
Término de materia o nombre geográfico como elemento de entrada Automóviles-
Subdivisión general Equipo eléctrico.
9 (RLIN) 144295
700 1# - ENTRADA AGREGADA--NOMBRE PERSONAL
Nombre de persona Losada, G.
9 (RLIN) 144291
830 0# - PUNTO DE ACCESO ADICIONAL DE SERIE-TÍTULO UNIFORME
Título uniforme Biblioteca práctica del automóvil ;
Designación de volumen o secuencia 3
9 (RLIN) 189921
852 ## - LOCALIZACIÓN
Ubicación ES-MaACL
Número de control de estantería E-13788
Encuadernación Olim P-774
Holdings
Estatus retirado Estado de pérdida Estado de daño No para préstamo Biblioteca de origen Biblioteca actual Ubicación en estantería Fecha de adquisición Fuente de adquisición Total de préstamos Signatura topográfica completa Código de barras Visto por última vez Precio de reemplazo Tipo de ítem Koha
        Biblioteca del Ateneo de Madrid Biblioteca del Ateneo de Madrid Depósito 2 14/12/2010     E-13788 1184893 23/02/2023 23/02/2023 Libro impreso